书目信息 |
| 题名: |
绿色再制造工程基础及其应用
|
|
| 作者: | 张安峰 编著 | |
| 分册: | ||
| 出版信息: | 北京 中国环境科学出版社 2005 |
|
| 页数: | 189页 | |
| 开本: | 26cm | |
| 丛书名: | ||
| 单 册: | ||
| 中图分类: | TH16 | |
| 科图分类: | ||
| 主题词: | 机械制造工艺--无污染工艺 , 机械制造工艺 , 无污染工艺 | |
| 电子资源: | ||
| ISBN: | 7-80209-071-7 | |
| 000 | 00789nam0 2200241 450 | |
| 001 | 002950657 | |
| 005 | 20070803144722.35 | |
| 010 | @a7-80209-071-7@dCNY30.00 | |
| 100 | @a20050818d2005 em y0chiy0110 ea | |
| 101 | 0 | @achi |
| 102 | @aCN@b110000 | |
| 105 | @aa z 000yy | |
| 200 | 1 | @a绿色再制造工程基础及其应用@9lv se zai zhi zao gong cheng ji chu ji qi ying yong@f张安峰编著 |
| 210 | @a北京@c中国环境科学出版社@d2005 | |
| 215 | @a189页@c图@d26cm | |
| 330 | @a本书分三个部分:绿色再制造工程的理论基础、绿色再制造工程的技术基础、绿色再制造工程的实际应用。 | |
| 606 | 0 | @a机械制造工艺@x无污染工艺 |
| 606 | 0 | @a机械制造工艺 |
| 606 | 0 | @a无污染工艺 |
| 690 | @aTH16@v4 | |
| 701 | 0 | @a张安峰@9zhang an feng@c(环境保护)@4编著 |
| 801 | 0 | @aCN@bNLC@c20070803 |
| 905 | @a10447@dTH16@e17 | |
| 绿色再制造工程基础及其应用/张安峰编著.-北京:中国环境科学出版社,2005 |
| 189页:图;26cm |
| ISBN 7-80209-071-7:CNY30.00 |
| 本书分三个部分:绿色再制造工程的理论基础、绿色再制造工程的技术基础、绿色再制造工程的实际应用。 |
| ● |
| 相关链接 |
|
|
|
|
正题名:绿色再制造工程基础及其应用
索取号:TH16/17
 
预约/预借
| 序号 | 登录号 | 条形码 | 馆藏地/架位号 | 状态 | 备注 |
| 1 | 0801664 | 208016644 | 第二样本阅览室/ [索取号:TH16/17] | 在馆 | |
| 2 | 0801665 | 208016653 | 第三借阅区/ [索取号:TH16/17] | 在馆 |